| 000 | 00698nam a2200181Ia 4500 | ||
|---|---|---|---|
| 008 | 090124s9999 xx 000 0 und d | ||
| 082 | _b43535 | ||
| 100 | _aपंडित विध्यासागर | ||
| 245 | _aMAHAMANAV AAINSTAIN महामानव आइन्स्टाईन | ||
| 250 | _a1 | ||
| 260 |
_bगंधर्व-वेद _c2005 |
||
| 300 | _a259 | ||
| 600 | _aपंडित विध्यासागर | ||
| 630 | _aMAHAMANAV AAINSTAIN महामानव आइन्स्टाईन | ||
| 700 | _aपंडित विध्यासागर | ||
| 730 | _aMAHAMANAV AAINSTAIN महामानव आइन्स्टाईन | ||
| 942 | _cBOOK | ||
| 999 |
_c109764 _d109764 |
||